A polgári iskolának társadalmat összeforrasztó hivatása = Czeglédi Híradó 1921. jún. 19.

Elmentve itt :
Bibliográfiai részletek
Szerző: Herrmann Antal
Dokumentumtípus: Kézirat
Megjelent: 1921-06-19
Kulcsszavak:iskolaügy, polgári iskola, Trianon, nevelésügy
Online Access:http://misc.bibl.u-szeged.hu/47001
LEADER 00665ntm a2200169 i 4500
001 misc47001
005 20201216093452.0
008 200929s1921 hu o 0|| hun d
040 |a SZTE Miscellanea Repozitórium  |b hun 
041 |a hun 
100 1 |a Herrmann Antal 
245 1 2 |a A polgári iskolának társadalmat összeforrasztó hivatása = Czeglédi Híradó 1921. jún. 19.  |h [elektronikus dokumentum] /  |c  Herrmann Antal 
260 |c 1921-06-19 
300 |a 2 p. 
561 |a Herrmann Antal hagyaték 
695 |a iskolaügy, polgári iskola, Trianon, nevelésügy 
856 4 0 |u http://misc.bibl.u-szeged.hu/47001/1/hermann_antal_ms_1934_008_egyeb_029.pdf  |z Dokumentum-elérés